ගුරුත්වාකර්ෂණ ක්ෂේත්‍ර / පී. ගීකියනගේ

Saved in:
Bibliographic Details
Main Author: ගීකියනගේ, පී
Format: Book
Language:English
Sinhalese
Published: පානදුර : කර්තෘ, 2011.
Subjects:
Tags: Add Tag
No Tags, Be the first to tag this record!

MARC

LEADER 00000nam a22000007a 4500
003 LK-ApPL
005 20260421153916.0
008 230104b |||||||| |||| 00| 0 eng d
020 |a 9789555244015 
040 |a LK-ApPL  |b sin  |d LK-ApPL 
041 |a sin 
082 |2 23  |a 531.12  |b ගීකිය 
100 |a ගීකියනගේ, පී 
245 |a ගුරුත්වාකර්ෂණ ක්ෂේත්‍ර /  |b  පී. ගීකියනගේ 
260 |a පානදුර :  |b කර්තෘ,  |c 2011. 
300 |a පි. 36 :  |c සෙ.මි.25 
650 0 |a භෞතික විද්‍යාව  
942 |c LBK 
999 |c 24377  |d 24377